Australian Journal of Agricultural Economics (Record no. 7132)
[ view plain ]
| 000 -LEADER | |
|---|---|
| fixed length control field | 00481nam a2200145Ia 4500 |
| 022 ## - INTERNATIONAL STANDARD SERIAL NUMBER | |
| ISSN | 0002-9092 |
| 245 #0 - TITLE STATEMENT | |
| Title | Australian Journal of Agricultural Economics |
| 246 ## - VARYING FORM OF TITLE | |
| Title proper/short title | AUSTRALIAN JOURNAL OF AGRICULTURAL AND RESOURCE ECONOMICS |
| 260 ## - PUBLICATION, DISTRIBUTION, ETC. (IMPRINT) | |
| Name of publisher | Australian Agricultural Economics Society, Victoria |
| Place of publication | Australia |
| 310 ## - CURRENT PUBLICATION FREQUENCY | |
| Current publication frequency | 3/y |
| 500 ## - GENERAL NOTE | |
| General note | Ending Volume & Year: 40, 1996 |
| 500 ## - GENERAL NOTE | |
| General note | Starting Volume & Year: 22, 1978 |
| 942 ## - ADDED ENTRY ELEMENTS (KOHA) | |
| Koha item type | Bound Journal |
| Withdrawn status | Lost status | Damaged status | Not for loan | Home library | Current library | Date acquired | Accession Number | Koha item type |
|---|---|---|---|---|---|---|---|---|
| Bound journals | RRII Library | RRII Library | 31/12/2021 | 07095J | Bound Journal |